Appellations - Vins du Sud-Ouest - Statistiques

Statistiques générales
  • Ce quiz a été pris 378 fois
  • Le résultat moyen est 11 sur 30
Statistiques - réponses
Hint Réponse % Correct
Piémont du Massif central Cahors
72%
Piémont pyrénéen Jurançon
72%
Bergeracois & Duras Bergerac
68%
Piémont du Massif central Gaillac
64%
Piémont pyrénéen Madiran
61%
Piémont pyrénéen Irouléguy
60%
Moyenne Garonne Fronton
48%
Bergeracois & Duras Monbazillac
47%
Bergeracois & Duras Côtes-de-bergerac
42%
Bergeracois & Duras Pécharmant
42%
Moyenne Garonne Buzet
35%
Piémont du Massif central Marcillac
34%
Piémont pyrénéen Saint-mont
32%
Piémont pyrénéen Pacherenc-du-vic-bilh
31%
Piémont pyrénéen Béarn
30%
Bergeracois & Duras Côtes-de-duras
30%
Moyenne Garonne Côtes-du-marmandais
30%
Bergeracois & Duras Rosette
28%
Piémont pyrénéen Tursan
27%
Bergeracois & Duras Saussignac
26%
Moyenne Garonne Brulhois
24%
Bergeracois & Duras Montravel
23%
Moyenne Garonne Saint-sardos
23%
Piémont du Massif central Coteaux-du-quercy
22%
Piémont du Massif central Côtes-de-millau
19%
Bergeracois & Duras Côtes-de-montravel
18%
Piémont du Massif central Entraygues-le-fel
17%
Bergeracois & Duras Haut-montravel
15%
Piémont pyrénéen Floc-de-gascogne
12%
Piémont du Massif central Vins-d'estaing
11%
Aucun quiz correspondant
Distribution des résultats
% des personnes avec chaque résultat
Percentile par nombre de réponses
Votre historique - résultats
Vous n’avez pas pris ce quiz